The Malayan emergency and Indonesian confrontation the commonwealth's wars, 1948-1966

The struggle with Communist terrorists in Malaya known as The Emergency became a textbook example of how to fight a guerrilla war, based on political as much as military means. This book deals with both the campaign fought by British, Commonwealth and other security forces in Malaya against Communis...

Full description

Saved in:
Bibliographic Details
Main Author: Jackson, Robert 1941-
Format: Book
Language:English
Published: South Yorkshire, UK Pen & Sword Aviation 2011
Subjects:
Tags: Add Tag
No Tags, Be the first to tag this record!
Call Number :DS 597 .J33 2011

MARC

LEADER 00000nam a2200000 a 4500
001 100578
003 MY-KLNDU
005 20241220025519.0
008 140806 2011 xxkb bi 000 0 eng d
020 |a 9781848845558 
039 9 |a 201412171113  |b shahrim  |c 201410080914  |d azraai  |y 201408061100  |z hasniza 
040 |a UPNM 
090 |a DS 597  |b .J33 2011 
100 1 |a Jackson, Robert  |d 1941- 
245 1 4 |a The Malayan emergency and Indonesian confrontation  |b the commonwealth's wars, 1948-1966  |c Robert Jackson 
260 |a South Yorkshire, UK  |b Pen & Sword Aviation  |c 2011 
300 |a vii, 156 p.  |b maps  |c 2011 
504 |a Includes bibliographical references and index 
505 0 |a Malaya : the land and the people -- The communist threat to Malaya -- The security forces -- Ground operations : April 1948 to April 1950 -- Ground operations phase two : April 1950 to December 1951 -- Ground operations phase three : January 1952 to May 1954 -- The beginning of the end -- The final phase -- Offensive air operations -- Air transport support -- Helicopter support operations -- The Royal Malayan Air Force -- Psychological warfare -- The Malayan emergency : conclusions -- Confrontation -- Appendix 1 : Naval forces in the Emergency and Confrontation -- Appendix 2 : Commonwealth military and air unites in the Malayan Emergency. 
520 |a The struggle with Communist terrorists in Malaya known as The Emergency became a textbook example of how to fight a guerrilla war, based on political as much as military means. This book deals with both the campaign fought by British, Commonwealth and other security forces in Malaya against Communist insurgents, between 1948 and 1960, and also the security action in North Borneo during the period of Confrontation with Indonesia from 1962 to 1966. Both campaigns provided invaluable experience in the development of anti-guerrilla tactics, and are relevant to the conduct of similar actions which have been fought against insurgent elements since then. The book, written with the full cooperation of various departments of the UK Ministry of Defense, contains material that until recently remained classified. 
592 |a 00013517  |b 23/9/14  |c RM80.45  |h PVK 
650 0 |a Counterinsurgency  |z Malaysia  |z Malaya  |x History 
650 0 |a Counterinsurgency  |z Sabah  |x History 
651 0 |a Malaya  |x History  |y Malayan Emergency, 1948-1960 
651 0 |a Borneo  |x History 
999 |a vtls000052551  |c 100578  |d 100578